=LDR 00000nam 2200000 4500 =001 INLIS000000000048134 =005 20160524130247.0 =006 =007 =008 =035 ##$$0010-051600000000039 =082 ##$$a 320.598-Man-k =100 ##$$a KGPH. H. Mangkubumi, SH =245 ##$$a KERANGKA & KONSEPSI POLITIK iNDONESIA =250 ##$$a Cet. 1 =260 ##$$a Yogyakarta $b Mitra Gama Widya $c 1989 =300 ##$$a xii, 128 Hlm $c 20 Cm =850 ##$$a BPAP =990 ##$$a 0001/BPAP-NTB/2016 =990 ##$$a 0001/BPAP-NTB/2016